Normal view
MARC view
- Rome
Entry Geographic Name
001 - CONTROL NUMBER
- control field: 12874
003 - CONTROL NUMBER IDENTIFIER
- control field: NUST
005 - DATE AND TIME OF LATEST TRANSACTION
- control field: 20190102103753.0
008 - FIXED-LENGTH DATA ELEMENTS
- fixed length control field: 190102|| aca||aabn | a|a d
040 ## - CATALOGING SOURCE
- Original cataloging agency: NUST
- Transcribing agency: NUST
151 ## - HEADING--GEOGRAPHIC NAME
- Geographic name: Rome
- General subdivision: History
- Chronological subdivision: Claudius, 41-54
- General subdivision: Fiction.
670 ## - SOURCE DATA FOUND
- Source citation: Work cat.: (NUST)0: Graves, Robert, 1895-1985. 12871, I, Claudius :, 1960.
